Manchester Metrolink Tram Stops - Statistics

General Stats
  • This quiz has been taken 716 times
    710 since last reset
  • The average score is 48 of 99
Answer Stats
Fare Zone Tram Stop % Correct
4 Bury
94%
1 Piccadilly
94%
1 Victoria
91%
4 Altrincham
90%
3 Ashton-under-Lyne
87%
3 East Didsbury
87%
1 Deansgate-Castlefield
86%
4 Manchester Airport
86%
1 St Peter's Square
86%
2 Eccles
85%
2 MediaCityUK
84%
1 Piccadilly Gardens
84%
2 Old Trafford
79%
1 Market Street
78%
1/2 Cornbrook
75%
2 Trafford Bar
75%
4 Rochdale Town Centre
74%
3 Sale
72%
4 Shaw and Crompton
70%
1 Exchange Square
69%
3 West Didsbury
68%
1 Shudehill
67%
2 Salford Quays
64%
2 Chorlton
62%
2 Etihad Campus
62%
2 Pomona
60%
3 Heaton Park
58%
4 Navigation Road
55%
3 Wythenshawe Park
54%
4 Wythenshawe Town Centre
54%
2/3 Stretford
53%
4 Timperley
53%
3 Didsbury Village
52%
1 New Islington
52%
3 Oldham Mumps
52%
3 Prestwich
51%
4 Radcliffe
50%
3 Sale Water Park
50%
2 Crumpsall
49%
2 Queens Road
49%
2/3 St Werburgh's Road
49%
3 Besses o' th' Barn
48%
3 Oldham Central
48%
3/4 Whitefield
48%
2 Imperial War Museum
46%
3 Dane Road
45%
3 Withington
45%
2 Firswood
44%
2 Abraham Moss
43%
3/4 Brooklands
43%
3 Burton Road
43%
2 Exchange Quay
42%
2/3 Bowker Vale
40%
2 Velopark
40%
2 Anchorage
39%
2 Central Park
39%
3 Droylsden
39%
2 Holt Town
39%
4 Rochdale Railway Station
38%
3 Ashton West
37%
3 intu Trafford Centre
37%
3 Failsworth
36%
2/3 Newton Heath and Moston
36%
2 Weaste
36%
3 Audenshaw
34%
3 Broadway
34%
2 Harbour City
34%
3 Oldham King Street
34%
2/3 Barlow Moor Road
33%
2 Ladywell
33%
2 Monsall
33%
2 Village
33%
3 Ashton Moss
32%
3/4 Derker
32%
4 Shadowmoss
32%
2 Wharfside
32%
3 Barton Dock Road
31%
2 Langworthy
30%
4 Benchill
29%
3 Hollinwood
29%
4 Kingsway Business Park
29%
3 Northern Moor
29%
4 Peel Hall
29%
3 South Chadderton
29%
2/3 Parkway
28%
3 Cemetery Road
27%
2/3 Edge Lane
27%
3 Baguley
26%
3 Freehold
26%
4 Milnrow
26%
2 Clayton Hall
25%
3 Moor Road
25%
4 Newhey
25%
3 Westwood
25%
3/4 Roundthorn
24%
4 Crossacres
23%
4 Martinscroft
23%
4 Newbold
23%
4 Robinswood Road
23%
No matching quizzes found
Score Distribution
Percent of People with Each Score
Percentile by Number Answered
Your Score History
You have not taken this quiz since the last reset